| 000 | 01175nam a2200229Ia 4500 | ||
|---|---|---|---|
| 003 | Ost | ||
| 005 | 20260507075336.0 | ||
| 008 | 260507s9999||||xx |||||||||||||| ||und|| | ||
| 020 | _a15482499579 | ||
| 040 | _cfsecg | ||
| 041 | _aara | ||
| 082 | _a330 | ||
| 100 |
_aحمود، خضير كاظم _eمؤلف |
||
| 245 | 0 |
_aالمنظمة الدولية للتوحيد القياسي : _bالايزو 9000 - 2000 / _c خضير كاظم حمود |
|
| 260 |
_aعمان: _bدار صفاء, _c2010 |
||
| 300 |
_a216 صفحة؛ _bإيضاحات ؛ _c25 سم |
||
| 520 | _aمفهوم إدارة الجودة الشاملة و مفهوم و أهمية الإيزو 2000-9000 و سلسلة المواصفات و المقاييس iso 9000 الإيزو و ادارة الجودة الشاملة و متطلبات نظام الجودة الايزو 9000و تنفيذ نظام الجودة و تطبيق متطلباته و الأسس العملية لتطبيق نظام الإيزو و هيكلة التوثيق و أخيرا التسجيل | ||
| 653 | _aالإيزو | ||
| 653 | _aضبط الجودة | ||
| 653 | _aمنظمات التقييس الدولية | ||
| 942 | _cكتاب | ||
| 999 |
_c44045 _d44045 |
||